| 000 -LEADER | |
|---|---|
| fixed length control field | 00403nam a22001697a 4500 |
| 005 - DATE AND TIME OF LATEST TRANSACTION | |
| control field | 20160520154746.0 |
| 008 - FIXED-LENGTH DATA ELEMENTS--GENERAL INFORMATION | |
| fixed length control field | 160520b xxu||||| |||| 00| 0 eng d |
| 020 ## - INTERNATIONAL STANDARD BOOK NUMBER | |
| ISBN | 81-7409-154-8 |
| 041 ## - LANGUAGE CODE | |
| Language code of text/sound track or separate title | eng |
| 082 ## - DEWEY DECIMAL CLASSIFICATION NUMBER | |
| Item number | 3611 |
| 100 ## - MAIN ENTRY--AUTHOR NAME | |
| Personal name | Garg G.C |
| 245 ## - TITLE STATEMENT | |
| Title | A text book of electronical machines |
| 260 ## - PUBLICATION, DISTRIBUTION, ETC. (IMPRINT) | |
| Name of publisher | Khanna Publishing |
| 300 ## - PHYSICAL DESCRIPTION | |
| Number of Pages | 737 |
| 650 ## - SUBJECT ADDED ENTRY--TOPICAL TERM | |
| Topical Term | DIPLOMA ENGINEERING |
| 942 ## - ADDED ENTRY ELEMENTS (KOHA) | |
| Koha item type | Books |
| Lost status | Damaged status | Collection code | Home library | Current library | Shelving location | Date acquired | Cost, normal purchase price | Full call number | Accession Number | Koha item type |
|---|---|---|---|---|---|---|---|---|---|---|
| Reference | JRU Library | SHELF -72- F | 20/05/2016 | 180.00 | 3611 | 3611 | Books | |||
| JRU Library | SHELF-38-J | 20/05/2016 | 180.00 | 3611 | 3612 | Books | ||||
| JRU Library | SHELF-38-J | 20/05/2016 | 180.00 | 3611 | 3613 | Books | ||||
| JRU Library | SHELF-38-J | 20/05/2016 | 180.00 | 3611 | 3614 | Books | ||||
| JRU Library | SHELF-38-J | 20/05/2016 | 180.00 | 3611 | 3615 | Books |